000 00521nam a2200193Ia 4500
003 GCL
008 140319s9999 xx 000 0 eng d
040 _aGCL /
_cGCL
082 0 4 _a502.8566
_bH F
100 1 _aHAGEN, HANS
245 1 0 _aFOCUS ON SCIENTIFIC VISUALIZATION /
_cHAGEN, HANS
700 1 _aMULLER, HEINRICH
700 1 _aGREGORY, NIELSON
260 _a[S.N] :
_bSPRINGER - VERLAG ،
_c1993
300 _a379 P
650 0 4 _aSCIENCE - METHODOLOGY
650 0 4 _aVISUALIZATION- TECHNIQUE
942 _2ddc
_cBK
999 _c18147
_d18147